[Event "Online Olym Div3 E"]
[Site "Chess.com INT"]
[Date "2021.08.27"]
[Round "2.2"]
[White "Arias, Lemnys A"]
[Black "Khoa, Goodwill"]
[Result "1-0"]
[WhiteElo "2303"]
[BlackElo "1846"]
[PlyCount "109"]
[EventDate "2021.08.27"]
[EventType "team-tourn (rapid)"]
[EventRounds "9"]
[EventCountry "USA"]
[SourceTitle "CBM 204 Extra"]
[Source "ChessBase"]
[SourceDate "2021.11.30"]
[SourceVersion "1"]
[SourceVersionDate "2021.11.30"]
[SourceQuality "1"]
[WhiteTeam "El Salvador"]
[BlackTeam "Namibia"]
[WhiteTeamCountry "ESA"]
[BlackTeamCountry "NAM"]

1. d4 g6 2. Nf3 Bg7 3. e4 d6 4. h3 c5 5. c3 cxd4 6. cxd4 Nc6 7. Nc3 Bd7 8. Be3 Nf6 9. d5 Ne5 10. Nxe5 dxe5 11. Bc4 0-0 12. 0-0 Rc8 13. Qe2 a6 14. a4 Nh5 15. Bb3 Nf4 16. Bxf4 exf4 17. e5 Qb6 18. Ra3 Qb4 19. Na2 Qd4 20. Re1 Bf5 21. Nc3 Qb4 22. Na2 Qc5 23. a5 Rfd8 24. Nc3 Qb4 25. Ba2 Bd7 26. Qd2 f3 27. Rb3 Qxa5 28. Rxb7 fxg2 29. Kxg2 e6 30. Qe2 exd5 31. Bxd5 Bc6 32. Bxc6 Rxc6 33. Qf3 Rc7 34. b4 Rxc3 35. bxa5 Rxf3 36. Kxf3 Rd5 37. Rb8+ Bf8 38. e6 fxe6 39. Rxe6 Rxa5 40. Rf6 Rf5+ 41. Rxf5 gxf5 42. Kf4 Kg7 43. Kxf5 a5 44. Ra8 Bb4 45. Ra6 Bc3 46. f4 Bb4 47. h4 Bc3 48. h5 Bb4 49. h6+ Kf7 50. Ra7+ Kg8 51. Ke6 Bf8 52. Ra8 a4 53. f5 a3 54. f6 a2 55. f7+ 1-0

[Event "Online Olym Div3 E"]
[Site "Chess.com INT"]
[Date "2020.08.09"]
[Round "7.5"]
[White "Giasi, Viresh"]
[Black "Arias, Lemnys A"]
[Result "0-1"]
[WhiteElo "2006"]
[BlackElo "2303"]
[PlyCount "84"]
[EventDate "2020.08.07"]
[EventType "team-tourn (rapid)"]
[EventRounds "9"]
[EventCountry "USA"]
[SourceTitle "CBM 198"]
[Source "ChessBase"]
[SourceDate "2020.10.31"]
[SourceVersion "1"]
[SourceVersionDate "2020.10.31"]
[SourceQuality "1"]
[WhiteTeam "Surinam"]
[BlackTeam "El Salvador"]
[WhiteTeamCountry "SUR"]
[BlackTeamCountry "ESA"]

1. e4 c5 2. Nf3 d6 3. c3 Nf6 4. h3 Nbd7 5. d3 b6 6. Be2 Bb7 7. a4 a6 8. 0-0 g6 9. Be3 Bg7 10. Qd2 c4 11. Bh6 0-0 12. Bxg7 Kxg7 13. Re1 cxd3 14. Bxd3 Nc5 15. Qc2 Rc8 16. Nbd2 Qc7 17. Bf1 e5 18. Rad1 Rfd8 19. g3 Bc6 20. a5 bxa5 21. b4 Ba4 22. Qb1 Bxd1 23. Qxd1 axb4 24. cxb4 Ne6 25. Bxa6 Rb8 26. b5 Nc5 27. Re3 Ra8 28. Ra3 Ncxe4 29. Nxe4 Nxe4 30. Qa1 Qb6 31. Ra2 Ra7 32. Kg2 Rda8 33. g4 Nc5 34. g5 Nxa6 35. bxa6 Rxa6 36. Rxa6 Qxa6 37. Qd1 Qc6 38. Kh2 Ra2 39. Kg1 Qc2 40. Qe1 Qe2 41. Qb1 Qxf2+ 42. Kh1 Qg2# 0-1

[Event "Tunja Boyaca op"]
[Site "Tunja"]
[Date "2019.08.02"]
[Round "4"]
[White "Vargas Arteaga, Alexis"]
[Black "Arias, Lemnys A"]
[Result "0-1"]
[WhiteElo "2263"]
[BlackElo "2308"]
[PlyCount "62"]
[EventDate "2019.07.31"]
[EventType "swiss"]
[EventRounds "9"]
[EventCountry "COL"]
[SourceTitle "EXT 2020"]
[Source "ChessBase"]
[SourceDate "2019.10.17"]
[SourceVersion "1"]
[SourceVersionDate "2019.10.17"]
[SourceQuality "1"]

1. e4 c5 2. Nf3 d6 3. d4 cxd4 4. Nxd4 Nf6 5. Nc3 a6 6. Bg5 Nbd7 7. Qd2 b5 8. Bd3 Bb7 9. 0-0 e6 10. a3 Be7 11. Qe2 Rc8 12. Kh1 0-0 13. f4 Nc5 14. Rad1 Nfd7 15. Bxe7 Qxe7 16. Rf3 g6 17. Rg3 Kh8 18. Nf3 Nf6 19. Rh3 Kg7 20. Rf1 h6 21. Nh4 e5 22. fxe5 dxe5 23. Qe3 Ng8 24. Rf5 Nxd3 25. cxd3 Rce8 26. Ne2 Bc8 27. Qg3 Kh7 28. Nf3 gxf5 29. Rh5 f4 30. Ng5+ Kg6 31. Qf2 hxg5 0-1

[Event "Tunja Boyaca op"]
[Site "Tunja"]
[Date "2019.08.01"]
[Round "2"]
[White "Ramirez, Heimy Polgar"]
[Black "Arias, Lemnys A"]
[Result "1/2-1/2"]
[WhiteElo "2135"]
[BlackElo "2308"]
[PlyCount "46"]
[EventDate "2019.07.31"]
[EventType "swiss"]
[EventRounds "9"]
[EventCountry "COL"]
[SourceTitle "EXT 2020"]
[Source "ChessBase"]
[SourceDate "2019.10.17"]
[SourceVersion "1"]
[SourceVersionDate "2019.10.17"]
[SourceQuality "1"]

1. d4 d5 2. c4 c6 3. Nc3 Nf6 4. Nf3 a6 5. cxd5 cxd5 6. g3 e6 7. Bg2 b5 8. a3 Bd6 9. 0-0 Bb7 10. Bg5 Nbd7 11. Qd2 0-0 12. Bf4 Nb6 13. b3 Rc8 14. Rfc1 Qe7 15. Bxd6 Qxd6 16. Ne5 Ne4 17. Qe3 Nxc3 18. Rxc3 Rxc3 19. Qxc3 Rc8 20. Qd2 Qc7 21. Nd3 Qc3 22. Qxc3 Rxc3 23. Rc1 Rxc1+ 1/2-1/2

[Event "Olympiad-43"]
[Site "Batumi"]
[Date "2018.10.02"]
[Round "8.3"]
[White "Arias, Lemnys A"]
[Black "Allam, Mohamed"]
[Result "1-0"]
[WhiteElo "2294"]
[BlackElo "1948"]
[PlyCount "93"]
[EventDate "2018.09.24"]
[EventType "team-swiss"]
[EventRounds "11"]
[EventCountry "GEO"]
[SourceTitle "CBM 187"]
[Source "ChessBase"]
[SourceDate "2018.12.11"]
[SourceVersion "1"]
[SourceVersionDate "2018.12.11"]
[SourceQuality "1"]
[WhiteTeam "El Salvador"]
[BlackTeam "Palestine"]
[WhiteTeamCountry "ESA"]
[BlackTeamCountry "PLE"]

1. d4 Nf6 2. c4 e6 3. Nf3 d5 4. g3 Bb4+ 5. Bd2 Be7 6. Bg2 c6 7. Qc2 0-0 8. 0-0 Nbd7 9. Rd1 Ne4 10. Be1 f5 11. Nc3 Bf6 12. Qd3 Qe8 13. Nd2 Nd6 14. e3 g5 15. Rac1 Bg7 16. b3 Nf6 17. Nf3 Qh5 18. Ne5 Ng4 19. Nxg4 Qxg4 20. f3 Qh5 21. e4 fxe4 22. fxe4 dxe4 23. Nxe4 Nf5 24. Bc3 Rd8 25. d5 Qg6 26. Bxg7 Qxg7 27. d6 Kh8 28. c5 Bd7 29. Re1 Rf8 30. Rcd1 Rae8 31. Qd2 h6 32. Nf2 b6 33. b4 Rb8 34. Nd3 Qd4+ 35. Kh1 bxc5 36. Nxc5 Qxd2 37. Rxd2 Rf7 38. a3 Rd8 39. Kg1 Kg7 40. Rxe6 Rf6 41. Re7+ Rf7 42. Rxf7+ Kxf7 43. Nxd7 Rxd7 44. Rf2 Ke6 45. Bh3 Rxd6 46. Rxf5 Rd4 47. Rxg5+ 1-0

[Event "Olympiad-43"]
[Site "Batumi"]
[Date "2018.09.28"]
[Round "5.34"]
[White "Scerbin, Dmitrij"]
[Black "Arias, Lemnys A"]
[Result "1-0"]
[WhiteElo "2264"]
[BlackElo "2294"]
[PlyCount "107"]
[EventDate "2018.09.24"]
[EventType "team-swiss"]
[EventRounds "11"]
[EventCountry "GEO"]
[SourceTitle "CBM 187"]
[Source "ChessBase"]
[SourceDate "2018.12.11"]
[SourceVersion "1"]
[SourceVersionDate "2018.12.11"]
[SourceQuality "1"]
[WhiteTeam "IPCA"]
[BlackTeam "El Salvador"]
[BlackTeamCountry "ESA"]

1. e4 c5 2. Nf3 d6 3. c3 Nf6 4. Bd3 Nc6 5. h3 d5 6. e5 Nd7 7. Bb5 e6 8. d4 Be7 9. 0-0 a6 10. Ba4 b5 11. Bc2 Qb6 12. Be3 Bb7 13. Nbd2 Rc8 14. Nb3 a5 15. dxc5 Nxc5 16. Nbd4 0-0 17. Qb1 g6 18. b4 axb4 19. cxb4 Na6 20. Nxe6 d4 21. Nexd4 Ncxb4 22. Nf5 Qc7 23. Nxe7+ Qxe7 24. Be4 Bxe4 25. Qxe4 Rc4 26. Qb1 Rfc8 27. Bg5 Qe6 28. a3 Nc2 29. Ra2 Rc3 30. Rb2 Qc4 31. Qd1 Rxa3 32. e6 fxe6 33. Qd7 Nb8 34. Qxb5 Qxb5 35. Rxb5 Rxf3 36. gxf3 Nd4 37. Ra5 Nbc6 38. Rc5 Nxf3+ 39. Kg2 Nxg5 40. Rxg5 Ne7 41. Ra5 Kf7 42. Ra7 Rc6 43. Rb1 e5 44. Rb8 h6 45. Rh8 Re6 46. Rxh6 Kf6 47. Rh8 Nf5 48. h4 e4 49. Rf8+ Ke5 50. Ra5+ Kd4 51. h5 e3 52. fxe3+ Nxe3+ 53. Kf3 gxh5 54. Rf4+ 1-0

[Event "San Salvador zt 2.3"]
[Site "San Salvador"]
[Date "2017.05.31"]
[Round "9"]
[White "Arias, Lemnys A"]
[Black "Pilarte, Rene"]
[Result "1-0"]
[WhiteElo "2291"]
[BlackElo "2139"]
[PlyCount "73"]
[EventDate "2017.05.26"]
[EventType "swiss"]
[EventRounds "9"]
[EventCountry "ESA"]
[SourceTitle "CBM 178 Extra"]
[Source "ChessBase"]
[SourceDate "2017.06.22"]
[SourceVersion "1"]
[SourceVersionDate "2017.06.22"]
[SourceQuality "1"]

1. e4 c5 2. Nf3 e6 3. d4 cxd4 4. Nxd4 a6 5. Nc3 Qc7 6. g3 Nf6 7. Bg2 Nc6 8. 0-0 Nxd4 9. Qxd4 Bc5 10. Bf4 d6 11. Qd2 e5 12. Bg5 Be6 13. Bxf6 gxf6 14. Nd5 Bxd5 15. Qxd5 Qc6 16. Qd3 h5 17. h4 Ke7 18. c3 a5 19. Kh2 Rag8 20. Bh3 Rg7 21. Rad1 b5 22. a3 a4 23. Qe2 Rhg8 24. Rd3 Bb6 25. Rfd1 Rd8 26. R1d2 Qc4 27. Qf3 Bc5 28. Rd5 Rdg8 29. Rd1 Rd8 30. Bf1 Qb3 31. Rxc5 dxc5 32. Rxd8 Kxd8 33. Qxf6+ Kc7 34. Qxg7 Kb6 35. Qxe5 Qxb2 36. Qd6+ Ka5 37. Qxc5 1-0

[Event "San Salvador zt 2.3"]
[Site "San Salvador"]
[Date "2017.05.30"]
[Round "8"]
[White "Rios, Cristhian Camilo"]
[Black "Arias, Lemnys A"]
[Result "1-0"]
[WhiteElo "2501"]
[BlackElo "2291"]
[PlyCount "65"]
[EventDate "2017.05.26"]
[EventType "swiss"]
[EventRounds "9"]
[EventCountry "ESA"]
[SourceTitle "CBM 178 Extra"]
[Source "ChessBase"]
[SourceDate "2017.06.22"]
[SourceVersion "1"]
[SourceVersionDate "2017.06.22"]
[SourceQuality "1"]

1. d4 d5 2. c4 c6 3. Nc3 Nf6 4. e3 a6 5. Qc2 g6 6. Bd3 Bg7 7. Nf3 0-0 8. 0-0 Bg4 9. Ne5 Be6 10. cxd5 cxd5 11. f4 Nbd7 12. Nf3 Bg4 13. Qb3 Bxf3 14. gxf3 Nb6 15. a4 Rb8 16. a5 Na8 17. Bd2 b5 18. axb6 Nxb6 19. Qa2 Nc4 20. Bc1 Rb4 21. b3 Nd6 22. Na4 Nd7 23. Bxa6 Qb8 24. Rb1 Nc4 25. Nc3 Ncb6 26. Kg2 Nf6 27. Ba3 Nbd7 28. Bxb4 Qxb4 29. Rfc1 Ra8 30. Qe2 Nh5 31. Nxd5 Qd6 32. Bb7 Rb8 33. Rc6 1-0

[Event "San Salvador zt 2.3"]
[Site "San Salvador"]
[Date "2017.05.29"]
[Round "6"]
[White "Chavez, Ricardo Ernesto"]
[Black "Arias, Lemnys A"]
[Result "1-0"]
[WhiteElo "2225"]
[BlackElo "2291"]
[PlyCount "59"]
[EventDate "2017.05.26"]
[EventType "swiss"]
[EventRounds "9"]
[EventCountry "ESA"]
[SourceTitle "CBM 178 Extra"]
[Source "ChessBase"]
[SourceDate "2017.06.22"]
[SourceVersion "1"]
[SourceVersionDate "2017.06.22"]
[SourceQuality "1"]

1. e4 c5 2. Nf3 d6 3. d4 cxd4 4. Nxd4 Nf6 5. Nc3 a6 6. Rg1 e6 7. g4 b5 8. g5 Nfd7 9. a3 Bb7 10. Be3 Nc5 11. f3 Nbd7 12. b4 Na4 13. Nxa4 bxa4 14. c4 Nb6 15. Bd3 Rc8 16. Rc1 g6 17. c5 dxc5 18. bxc5 Bxc5 19. Rxc5 Rxc5 20. Nxe6 fxe6 21. Bxc5 Qc7 22. Qa1 Rg8 23. Qd4 Nd7 24. Bd6 Qa5+ 25. Ke2 Kf7 26. Rg4 Re8 27. Bc4 Bc6 28. Bb4 Qc7 29. Rh4 Kg8 30. Bc3 1-0

[Event "Managua Hurtado Memorial 16th"]
[Site "Managua"]
[Date "2016.12.30"]
[Round "9"]
[White "Arias, Lemnys A"]
[Black "Pineda, Juan Jose"]
[Result "1-0"]
[WhiteElo "2292"]
[BlackElo "2128"]
[PlyCount "77"]
[EventDate "2016.12.26"]
[EventType "swiss"]
[EventRounds "9"]
[EventCountry "NCA"]
[SourceTitle "CBM 176 Extra"]
[Source "ChessBase"]
[SourceDate "2017.03.02"]
[SourceVersion "1"]
[SourceVersionDate "2017.03.02"]
[SourceQuality "1"]

1. d4 Nf6 2. c4 g6 3. Nc3 Bg7 4. e4 d6 5. f3 0-0 6. Bg5 c5 7. d5 Na6 8. Qd2 Nc7 9. Bd3 e6 10. Nge2 exd5 11. exd5 Bd7 12. 0-0 a6 13. a4 b5 14. axb5 axb5 15. b3 Rxa1 16. Rxa1 b4 17. Ne4 Nxe4 18. fxe4 Bf6 19. Bxf6 Qxf6 20. Ra7 Rc8 21. Qf4 Qxf4 22. Nxf4 f6 23. Be2 Kf7 24. h3 Ke7 25. Bg4 f5 26. exf5 gxf5 27. Bd1 Kd8 28. Nh5 Ra8 29. Rxa8+ Nxa8 30. Nf6 Ke7 31. Nxh7 Nc7 32. Kf2 Be8 33. Ke3 Bg6 34. Ng5 Kf6 35. Kf4 Ne8 36. Bc2 Ng7 37. g4 fxg4 38. Bxg6 Kxg6 39. hxg4 1-0

[Event "Managua Hurtado Memorial 16th"]
[Site "Managua"]
[Date "2016.12.30"]
[Round "8"]
[White "Juarez Flores, Carlos Armando"]
[Black "Arias, Lemnys A"]
[Result "1-0"]
[WhiteElo "2376"]
[BlackElo "2292"]
[PlyCount "96"]
[EventDate "2016.12.26"]
[EventType "swiss"]
[EventRounds "9"]
[EventCountry "NCA"]
[SourceTitle "CBM 176 Extra"]
[Source "ChessBase"]
[SourceDate "2017.03.02"]
[SourceVersion "1"]
[SourceVersionDate "2017.03.02"]
[SourceQuality "1"]

1. e4 c5 2. Nf3 d6 3. d4 cxd4 4. Nxd4 Nf6 5. f3 e5 6. Nb3 Be7 7. c4 a5 8. Be3 a4 9. Nc1 0-0 10. Nc3 Qa5 11. Qd2 Nc6 12. Be2 Bd8 13. Nb5 Nb4 14. 0-0 Ne8 15. Kh1 Nc6 16. Rd1 Bc7 17. Rb1 Be6 18. b4 axb3 19. axb3 h6 20. Bf1 Qxd2 21. Rxd2 f5 22. exf5 Bxf5 23. Bd3 Nb4 24. Bxf5 Rxf5 25. Ne2 Rf6 26. Nec3 Re6 27. Ne4 Ra6 28. Rbd1 Kf7 29. g3 g5 30. Kg2 Rg6 31. g4 Ke6 32. Ng3 Rf6 33. Nf5 Rxf5 34. gxf5+ Kxf5 35. Bf2 h5 36. Re2 Nc6 37. Rdd2 Ra1 38. Re1 Ra6 39. Rc1 g4 40. fxg4+ hxg4 41. Be3 Na5 42. Rf2+ Kg6 43. Rb1 Nc6 44. Kh1 Nb4 45. Rg2 Nf6 46. Bd2 Nd3 47. Rf1 Ra2 48. Nc3 Rb2 1-0

[Event "Managua Hurtado Memorial 16th"]
[Site "Managua"]
[Date "2016.12.29"]
[Round "6"]
[White "Arias, Lemnys A"]
[Black "Lorenzana, Wilson Estuardo"]
[Result "1/2-1/2"]
[WhiteElo "2292"]
[BlackElo "2247"]
[PlyCount "81"]
[EventDate "2016.12.26"]
[EventType "swiss"]
[EventRounds "9"]
[EventCountry "NCA"]
[SourceTitle "CBM 176 Extra"]
[Source "ChessBase"]
[SourceDate "2017.03.02"]
[SourceVersion "1"]
[SourceVersionDate "2017.03.02"]
[SourceQuality "1"]

1. d4 Nf6 2. c4 g6 3. Nc3 Bg7 4. e4 0-0 5. f3 d6 6. Bg5 c5 7. d5 h6 8. Be3 Nbd7 9. Nh3 Ne5 10. Nf2 a6 11. a4 Qa5 12. Ra3 Re8 13. Be2 h5 14. 0-0 e6 15. Qd2 exd5 16. Nxd5 Qxd2 17. Bxd2 Nxd5 18. cxd5 Bd7 19. Rfa1 b6 20. h3 f5 21. Rb3 Reb8 22. Bc3 h4 23. f4 Nf7 24. Bd3 fxe4 25. Bxe4 b5 26. Bxg6 c4 27. Rb4 a5 28. Rxb5 Bxb5 29. axb5 Bxc3 30. bxc3 Kg7 31. Bf5 Rxb5 32. Ra4 Kf6 33. Be4 Rc8 34. Bf3 Ke7 35. Nd1 Rcc5 36. Ne3 Kf6 37. Be2 Nh6 38. Nxc4 Nf5 39. Kf2 Ng3 40. Ke3 Nf5+ 41. Kd3 1/2-1/2